00426nam a22001457a 450000500170000000800410001704000070005804100120006508200210007710000250009824500350012326000340015836500540019265000340024620241221095414.0241221b ||||| |||| 00| 0 eng d cAL aEnglish 223a348.04bEASS aEastern Book Company aSupreme Court Cases2005: Vol 4 bEastern Book CompanyaLucknow a1061b₹959.52c₹d₹1279.36e25%f28-11-2024 aMode of Citation (2005) 4 SCC